Textbook of surgery
The book provides a comprehensive overview of general surgery and trauma. It gives in-depth coverage of the principles and techniques of surgical management
Đã lưu trong:
| 格式: | 圖書 |
|---|---|
| 語言: | Undetermined |
| 出版: |
Malden, Massachusetts
Blackwell Science
1997
|
| 主題: | |
| 標簽: |
添加標簽
沒有標簽, 成為第一個標記此記錄!
|
| Thư viện lưu trữ: | Trung tâm Học liệu Trường Đại học Cần Thơ |
|---|
| LEADER | 00602nam a2200181Ia 4500 | ||
|---|---|---|---|
| 001 | CTU_22673 | ||
| 008 | 210402s9999 xx 000 0 und d | ||
| 020 | |b 119df | ||
| 082 | |a 617 | ||
| 082 | |b T355 | ||
| 245 | 0 | |a Textbook of surgery | |
| 260 | |a Malden, Massachusetts | ||
| 260 | |b Blackwell Science | ||
| 260 | |c 1997 | ||
| 520 | |a The book provides a comprehensive overview of general surgery and trauma. It gives in-depth coverage of the principles and techniques of surgical management | ||
| 650 | |a surgery | ||
| 904 | |i Minh, 980527 | ||
| 980 | |a Trung tâm Học liệu Trường Đại học Cần Thơ | ||